|
|
|
|
| LEADER |
01793nam a2200445 i 4500 |
| 001 |
35198 |
| 003 |
BD-DhAAL |
| 005 |
20190901134007.0 |
| 008 |
190901t2017 enka b 000 0deng d |
| 999 |
|
|
|c 40786
|d 40786
|
| 010 |
|
|
|a 2016478545
|
| 020 |
|
|
|a 1526109174
|
| 020 |
|
|
|a 9781526134646 (paperback)
|
| 020 |
|
|
|a 9781526109170 (hardback)
|
| 035 |
|
|
|a (OCoLC)ocn952368667
|
| 040 |
|
|
|a YDXCP
|b eng
|c YDXCP
|e rda
|d OCLCQ
|d UAB
|d BTCTA
|d BDX
|d EYM
|d OCLCF
|d DLC
|d BD-DhAAL
|
| 042 |
|
|
|a lccopycat
|
| 050 |
0 |
0 |
|a PR2364
|b .R35 2017
|
| 082 |
0 |
4 |
|a 821.3
|2 23
|
| 100 |
1 |
|
|a Reid, Robert Lanier,
|d 1943-
|9 33757
|
| 245 |
1 |
0 |
|a Renaissance psychologies :
|b Spenser and Shakespeare /
|c Robert Lanier Reid.
|
| 260 |
|
|
|a Manchester :
|b Manchester University Press,
|c c2017.
|
| 300 |
|
|
|a xiii, 352 pages :
|b illustrations ;
|c 25 cm.
|
| 490 |
1 |
|
|a The Manchester Spenser
|
| 504 |
|
|
|a Includes bibliographical references and index.
|
| 526 |
|
|
|a ENH
|
| 541 |
|
|
|a Hye Trade International
|e 35198
|
| 600 |
1 |
0 |
|a Spenser, Edmund,
|d 1552?-1599
|x Influence.
|9 33758
|
| 600 |
1 |
0 |
|a Shakespeare, William,
|d 1564-1616
|x Themes, motives.
|9 33759
|
| 600 |
1 |
7 |
|a Shakespeare, William,
|d 1564-1616.
|2 fast
|9 33760
|
| 600 |
1 |
7 |
|a Spenser, Edmund,
|d 1552?-1599.
|2 fast
|9 33761
|
| 650 |
|
0 |
|a Fairies in literature.
|9 33762
|
| 650 |
|
0 |
|a English literature.
|9 33763
|
| 650 |
|
7 |
|a Fairies in literature.
|2 fast
|9 33762
|
| 650 |
|
7 |
|a Influence (Literary, artistic, etc.)
|2 fast
|9 33764
|
| 650 |
|
7 |
|a Themes, motives.
|2 fast
|9 33765
|
| 830 |
|
0 |
|a Manchester Spenser.
|9 33766
|
| 852 |
|
|
|a Ayesha Abed Library
|c General Stacks
|
| 942 |
|
|
|2 ddc
|c BK
|
| 952 |
|
|
|0 0
|1 0
|2 ddc
|4 0
|6 821_300000000000000_REI
|7 0
|9 66029
|a BRACUL
|b BRACUL
|c GEN
|d 2019-08-21
|e Hye Trade International
|g 5399.00
|l 0
|o 821.3 REI
|p 3010035198
|r 2019-08-21
|t 1
|v 5399.00
|w 2019-08-21
|y BK
|